000 00283nam a2200121Ia 4500
008 221030s9999 xx 000 0 und d
041 _aEnglish
100 _aN. Carter
245 0 _aSchaum`s Outlines Computer Architecture
_cby N. Carter
260 _c0
650 _aB
942 _cBK
999 _c14049
_d14049